Normal view MARC view

Entry Personal Name

Number of records used in: 2

001 - CONTROL NUMBER

  • control field: 2015

003 - CONTROL NUMBER IDENTIFIER

  • control field: dpl

005 - DATE AND TIME OF LATEST TRANSACTION

  • control field: 20100728113540.0

008 - FIXED-LENGTH DATA ELEMENTS

  • fixed length control field: 100728|||a|||||| | ||| d

040 ## - CATALOGING SOURCE

  • Original cataloging agency: dpl
  • Transcribing agency: dpl

100 ## - HEADING--PERSONAL NAME

  • Personal name: Kavitha, K.

670 ## - SOURCE DATA FOUND

  • Source citation: Work cat.: (dpl)38026: Kavitha, K., Multiple security through network /, 2007

670 ## - SOURCE DATA FOUND

  • Source citation: Work cat.: (dpl)38026: Kavitha, K., Multiple security through network /, 2007

© Delhi Public Library
Hit Counter
free hit counter